000 00541nam a2200169 a 4500
008 120416s1996 ||||||||||||||||| || u
020 _a0333662105
050 _aHD 31 Bar
100 _aBarnett, Howard
245 1 0 _aOperations management
250 _a2nd ed.
260 _aLondon
_bMacmillan
_c1996
350 _a0.00
650 0 _aMANAGEMENT
650 _aOPERATIONS MANAGEMENT
995 _D0.00
_FCBU-MAIN LIBRARY (Kitwe)
_H1
_I0.00
_M1
_UAVAILABLE
_ZMain Library Open Access Collection
999 _c52672
_d52672